[Event "Amsterdam Science Park op-A"]
[Site "Amsterdam"]
[Date "2023.07.15"]
[Round "1"]
[White "Hopman, Pieter"]
[Black "Harmsen, Michiel"]
[Result "1-0"]
[WhiteElo "2323"]
[BlackElo "2008"]
[PlyCount "85"]
[EventDate "2023.07.15"]
[EventType "swiss"]
[EventRounds "9"]
[EventCountry "NED"]
[SourceTitle "CBM 215 Extra"]
[Source "ChessBase"]
[SourceDate "2023.09.30"]
[SourceVersion "1"]
[SourceVersionDate "2023.09.30"]
[SourceQuality "1"]

1. d4 d5 2. c4 e6 3. Nc3 Nf6 4. cxd5 exd5 5. Bg5 Be7 6. e3 0-0 7. Bd3 Nbd7 8. Qc2 Re8 9. Nge2 b6 10. 0-0 Bb7 11. f3 h6 12. Bh4 c5 13. Rad1 Nf8 14. Bf2 Bd6 15. Kh1 g6 16. Qb1 Qe7 17. Bh4 Kg7 18. e4 cxd4 19. Nxd4 Be5 20. Bb5 Rec8 21. exd5 Rc5 22. Nc6 Bxc6 23. Bxc6 Rd8 24. Ne4 g5 25. Bf2 Rc4 26. Ng3 Bxg3 27. Bxg3 Ng6 28. b3 Rf4 29. Rfe1 Qc5 30. Qb2 Qd6 31. a3 Ne7 32. Bxf4 gxf4 33. Rc1 Ng6 34. b4 h5 35. Rc4 h4 36. h3 Rh8 37. b5 Rh5 38. Qb4 Rxd5 39. Bxd5 Qxd5 40. Rd4 Qg5 41. Qb2 Kh6 42. Rd6 Nh5 43. Qh8# 1-0

[Event "Bayern-chI Bank Hofmann 16th"]
[Site "Bad Wiessee"]
[Date "2012.10.28"]
[Round "2"]
[White "Chernyshov, Konstantin"]
[Black "Harmsen, Michiel"]
[Result "1-0"]
[WhiteElo "2532"]
[BlackElo "2048"]
[PlyCount "43"]
[EventDate "2012.10.27"]
[EventType "swiss"]
[EventRounds "9"]
[EventCountry "GER"]
[SourceTitle "EXT 2013"]
[Source "ChessBase"]
[SourceDate "2012.11.22"]
[SourceVersion "1"]
[SourceVersionDate "2012.11.22"]
[SourceQuality "1"]

1. d4 d5 2. Bf4 Nf6 3. e3 e6 4. Nf3 Be7 5. c4 0-0 6. Nc3 c6 7. Bd3 Nbd7 8. 0-0 dxc4 9. Bxc4 b5 10. Bd3 Bb7 11. Rc1 a6 12. Ne4 Nxe4 13. Bxe4 Qb6 14. Ne5 Nxe5 15. Bxe5 Rfd8 16. Qg4 Bf8 17. Bf6 Rdc8 18. Rc5 g6 19. Rh5 Bg7 20. Bxg7 f5 21. Qg5 Rc7 22. Be5 1-0

[Event "Amsterdam Science Park op-A 1st"]
[Site "Amsterdam"]
[Date "2011.07.14"]
[Round "6"]
[White "Harmsen, Michiel"]
[Black "Smit, Frans P"]
[Result "1/2-1/2"]
[WhiteElo "2140"]
[BlackElo "2055"]
[PlyCount "124"]
[EventDate "2011.07.09"]
[EventType "swiss"]
[EventRounds "9"]
[EventCountry "NED"]
[SourceTitle "CBM 143 Extra"]
[Source "ChessBase"]
[SourceDate "2011.08.29"]
[SourceVersion "1"]
[SourceVersionDate "2011.08.29"]
[SourceQuality "1"]

1. d4 e6 2. c4 f5 3. g3 Nf6 4. Bg2 d5 5. Nf3 c6 6. 0-0 Bd6 7. Qb3 0-0 8. Nc3 Nbd7 9. Nd2 Kh8 10. e3 Qe8 11. f4 Ne4 12. Nf3 b6 13. Ne5 Ba6 14. Qa4 Bxe5 15. Qxa6 Bd6 16. Nxe4 fxe4 17. Bd2 Qc8 18. Qxc8 Raxc8 19. Bh3 Rfe8 20. Rac1 Nf8 21. Rc2 Rcd8 22. cxd5 cxd5 23. a3 Kg8 24. Rfc1 Kf7 25. Bf1 Ng6 26. b4 Ne7 27. Ba6 h6 28. a4 Kf6 29. Bb7 Rb8 30. Ba6 Red8 31. Kf2 Kf7 32. h3 g6 33. Be2 Rbc8 34. Ba6 Rxc2 35. Rxc2 Rd7 36. Ke2 Rc7 37. Kd1 Rxc2 38. Kxc2 Kf6 39. g4 g5 40. fxg5+ hxg5 41. Kb3 Ng6 42. Be1 Bh2 43. a5 bxa5 44. bxa5 Bg1 45. Bd2 Nh4 46. Bf1 e5 47. dxe5+ Ke6 48. Kc2 Nf3 49. Kd1 Nxe5 50. a6 Kd6 51. Bb4+ Kc6 52. Kd2 Nf3+ 53. Ke2 Kb5 54. Be7 Kxa6 55. Bg2 d4 56. exd4 Nxd4+ 57. Kd1 Be3 58. Bxe4 Kb6 59. Bd3 Nc6 60. Bf6 Kc5 61. h4 gxh4 62. Bxh4 Bd4 1/2-1/2